LEADER 01088nam a2200277 u 4500 001 000000059200 003 CaOOAMICUS 005 20070226120756.0 008 010625s1982 it u000 u ita u 035 $a10893917 040 $aPUL(R)$bita 100 1 $aMugnai, Massimo,$d1947-$0(OLS)http://pul/name/40910 245 13$aLa logica da Leibniz a Frege /$cMassimo Mugnai. 260 $aTorino :$bLoescher,$cc1982. 300 $a394 p. ;$c20 cm 490 1 $aFilosofia ;$v23 600 14$aFrege, Gottlob,$d1848-1925.$0(OLS)http://pul/subject/23119 600 10$aLeibnitz (Austria).$2//eng$0(OLS)http://pul/subject/23118 650 4$aLogica.$0(OLS)http://pul/subject/441 830 0$aFilosofia (Loescher) ;$v23.$0(OLS)http://pul/title/7942 850 $aPUL 852 $aPUL$W1$xSL Filosofia 1$y2$m97 P 23$j77230$nBK-PRI$b $qStampati$B77230$CPULBib$Z2$F77230 $H $81 941 1 $a8 961 $aINV: 56194 996 $6245$aLa logica da Leibniz a Frege$9(OLS)http://pul/title/79299 996 $6260$aTorino :$bLoescher$9(OLS)http://pul/publisher/48154 LEADER 01455nam a2200337 a 4500 001 000000149408 003 CaOOAMICUS 005 20160309122500.0 008 160215s2011 it u000 u ita r 020 $a978-88-215-7101-5* 032 $aLibriCat 040 $aPUL$bita 041 1 $aita$agrc 082 04$a226.3 130 0 $aBiblia.$pN.T.$pMarcus.$lItaliano.$0(OLS)http://pul/title/158581 245 10$aMarco /$cintroduzione, traduzione e commento a cura di Giacomo Perego. 260 $aCinisello Balsamo :$bSan Paolo,$c2011. 300 $a364 p. ;$c22 cm. 490 1 $aNuova versione della Bibbia dai testi antichi ;$v38 546 $aTesto in greco con traduzione italiana, introduzione e commento in italiano. 630 04$aBiblia.$pN.T.$pMarcus$xCritica e interpretazione.$0(OLS)http://pul/subject/37840 700 1 $aPerego, Giacomo,$csac.$0(OLS)http://pul/name/70213 830 0$aNuova versione della Bibbia dai testi antichi ;$v38.$0(OLS)http://pul/title/156526 850 $aPUL 852 $aPUL$W1$xSL Religione 3$y85$m226. 3 PERGI 1$j172053$qDDC 21$B173673$CPULBib$Z2$F173673 $H127047 $81 941 1 $a9 996 $6020$a978-88-215-7101-5*$9(OLS)http://pul/number/159692 996 $6082$a226.3$9(OLS)http://pul/classification/700 996 $6245$aMarco$9(OLS)http://pul/title/188367 996 $6260$aCinisello Balsamo :$bSan Paolo$9(OLS)http://pul/publisher/54577